| 000 | 02765cas a2200697 a 4500 | ||
|---|---|---|---|
| 001 | 11147988 | ||
| 003 | OSt | ||
| 005 | 20220920141834.0 | ||
| 008 | 750817c19479999ii fr p 0 a0eng c | ||
| 010 | _a 54036109 | ||
| 016 | 7 |
_a1253520 _2DNLM |
|
| 016 | 7 |
_aB40560000 _2DNLM |
|
| 016 | 7 |
_a011740527 _2Uk |
|
| 022 |
_a0008-0683 _l0008-0683 _2z |
||
| 030 | _aCSTBAA | ||
| 035 | _a(OCoLC)ocm01552348 | ||
| 040 |
_aMUL _beng _cMUL _dOCL _dUCU _dYUS _dHUL _dIUL _dRCS _dAIP _dNSD _dNST _dWAU _dDLC _dOCLCQ _dORZ _dOCLCQ _dNLM _dLGG _dOCLCF _dOCLCO _dOCLCQ _dOCLCO _dGUA _dUKMGB _dMYUML _dOCLCA |
||
| 042 |
_ansdp _apcc _apremarc |
||
| 043 | _aa-ii--- | ||
| 050 | 0 | 0 |
_aHA1 _b.C35 |
| 060 | 1 | 0 |
_aHA 1 _bC144 |
| 210 | 0 | _aBull.- Calcutta Stat. Assoc. | |
| 222 | 0 | _aBulletin - Calcutta Statistical Association | |
| 245 | 0 | 0 | _aCalcutta Statistical Association bulletin. |
| 246 | 3 | 0 | _aBulletin |
| 246 | 1 |
_iSome issues may have title: _aBulletin of the Calcutta Statistical Association |
|
| 260 |
_3<1947-> _aCalcutta : _bH. Chatterjee & Co., _c[1947]- |
||
| 260 | 3 |
_32016- _aLos Angeles : _bSage |
|
| 300 |
_avolumes ; _c25 cm |
||
| 310 |
_aNational _b2016- |
||
| 321 |
_a, _b<1960-2015> |
||
| 321 |
_aThree no. a year (irregular), _b<-1959> |
||
| 321 |
_aHalf Yearly. _b<1947-> |
||
| 336 |
_atext _btxt _2rdacontent |
||
| 337 |
_aunmediated _bn _2rdamedia |
||
| 338 |
_avolume _bnc _2rdacarrier |
||
| 362 | 0 | _aNo. 1 (Aug. 1947)- | |
| 500 | _aTitle from caption. | ||
| 500 | _aPublisher varies. Some issues published in association with Calcutta Statistical Association. | ||
| 500 | _aSome issues may have distinctive titles. | ||
| 515 | _aVol. numbering used effective vol. 2, no. 5 (Feb. 1949). | ||
| 515 | _aNumerous issues combined. | ||
| 515 | _aRunning number dropped from enumeration effective Vol. 68, issue 1/2 (May/Nov. 2016). | ||
| 515 | _aMay be some irregularities in issuance. | ||
| 588 | _aLatest issue consulted: Vol. 68, issue 1/2 (May/Nov. 2016). | ||
| 650 | 0 |
_aStatistics _xMethodology _vPeriodicals. _99993 |
|
| 650 | 2 |
_aStatistics. _99994 |
|
| 650 | 7 |
_aStatistics _xMethodology. _2fast _0(OCoLC)fst01132125 _99995 |
|
| 651 | 0 |
_aIndia _vStatistics _vPeriodicals. _99996 |
|
| 651 | 7 |
_aIndia. _2fast _0(OCoLC)fst01210276 _99997 |
|
| 655 | 2 |
_aPeriodicals. _99998 |
|
| 655 | 7 |
_aPeriodicals. _2fast _0(OCoLC)fst01411641 _99998 |
|
| 655 | 7 |
_aStatistics. _2fast _0(OCoLC)fst01423727 _99999 |
|
| 710 | 2 |
_aCalcutta Statistical Association. _910000 |
|
| 776 | 0 | 8 |
_iOnline version: _tCalcutta Statistical Association bulletin _w(OCoLC)610123872 |
| 906 |
_a7 _bcbc _cserials _du _encip _f20 _gn-oclcserc |
||
| 942 |
_2ddc _cPR _s1 |
||
| 999 |
_c220457 _d220457 |
||